Guess The Actor By Their Horror Movies 2 - Statistics

General Stats
  • This quiz has been taken 36 times
  • The average score is 7 of 20
Answer Stats
Horror Movies Actor % Correct
Halloween, Prom Night, Terror Train Jamie Lee Curtis
94%
The Witch, The Menu, Last Night in Soho Anya-Taylor Joy
69%
The Purge, Sinister, The Black Phone Ethan Hawke
69%
Scream, Firestarter, Cat’s Eye Drew Barrymore
66%
28 Days Later, Red Eye, A Quiet Place: Part II Cillian Murphy
63%
Alien, The Cabin in the Woods, The Village Sigourney Weaver
53%
Tremors, Friday the 13th, They/Them Kevin Bacon
50%
Jennifer’s Body, Red Riding Hood, You Should Have Left Amanda Seyfried
47%
Candyman, Final Destination, Hell Fest Tony Todd
47%
Hereditary, The Sixth Sense, Krampus Toni Collette
41%
The Pope’s Exorcist, The Exorcism, The Mummy (2017) Russell Crowe
34%
Immaculate, Along Came The Devil, Giant Killer Ants Sydney Sweeney
34%
Get Out, M3GAN, The Perfection Allison Williams
28%
Bones, Scary Movie V, Meet the Blacks Snoop Dogg
16%
Orphan, Cell, Escape Room: Tournament of Champions Isabelle Fuhrman
13%
Doctor Sleep, Gerald’s Game, Revamped Carel Struycken
6%
Ginger Snaps, American Mary, See No Evil 2 Katharine Isabelle
6%
Terrifier, Faceless After Dark, Renfield Jenna Kanell
3%
The Thing, Pitch Black, Tales From The Hood 2 Kieth David
3%
Mandy, The Grudge (2020), Possessor Andrea Risenborough
0%
No matching quizzes found
Score Distribution
Percent of People with Each Score
Percentile by Number Answered
Your Score History
You have not taken this quiz